000
00289nam a2200121 a 4500
008
110107s1977|||| d
100
1
_a
Lenin, V.I.
245
1
0
_a
K výročiam oktobrovej revolúcie
260
_b
Pravda
_a
Bratislava
_c
1977
020
_c
8
041
_a
slo
044
_a
xo
_c
SK
999
_c
15576
_d
15576